Oxford and Cambridge Colleges with the same names - Statistics

General Stats
  • This quiz has been taken 66 times
  • The average score is 6 of 9
Answer Stats
Answer % Correct
Jesus
92%
Trinity
86%
The Queen's / Queens'
81%
St John's
79%
Magdalen / Magdalene
75%
Corpus Christi
62%
Pembroke
59%
St Catherine's / St Catharine's
54%
Wolfson
44%
No matching quizzes found
Score Distribution
Percent of People with Each Score
Percentile by Number Answered
Your Score History
You have not taken this quiz